Mass media and the African society / (Record no. 1313)

MARC details
000 -LEADER
fixed length control field 01117nam a2200337 a 4500
001 - CONTROL NUMBER
control field 4342814
003 - CONTROL NUMBER IDENTIFIER
control field OSt
005 - DATE AND TIME OF LATEST TRANSACTION
control field 20230619134846.0
008 - FIXED-LENGTH DATA ELEMENTS--GENERAL INFORMATION
fixed length control field 890113s1987 ke a b 000 0 eng
010 ## - LIBRARY OF CONGRESS CONTROL NUMBER
LC control number 88980873
020 ## - INTERNATIONAL STANDARD BOOK NUMBER
International Standard Book Number 9966450033
040 ## - CATALOGING SOURCE
Original cataloging agency DLC
Transcribing agency DLC
Modifying agency DLC
043 ## - GEOGRAPHIC AREA CODE
Geographic area code f------
050 00 - LIBRARY OF CONGRESS CALL NUMBER
Classification number P92.A4
Item number M37 1987
082 00 - DEWEY DECIMAL CLASSIFICATION NUMBER
Classification number 302.23/096
Edition number 20
Item number ACCE
245 00 - TITLE STATEMENT
Title Mass media and the African society /
Statement of responsibility, etc. edited by Jerry Domatob, Abubakar Jika, Ikechukwu Nwosu.
250 ## - EDITION STATEMENT
Edition statement [1st ed.].
260 ## - PUBLICATION, DISTRIBUTION, ETC. (IMPRINT)
Place of publication, distribution, etc. [Nairobi, Kenya] :
Name of publisher, distributor, etc. African Council on Communication Education,
Date of publication, distribution, etc. [1987]
300 ## - PHYSICAL DESCRIPTION
Extent x, 388 p. :
Other physical details ill. ;
Dimensions 21 cm.
440 #0 - SERIES STATEMENT/ADDED ENTRY--TITLE
Title Africa media monograph series ;
Volume/sequential designation no. 4
500 ## - GENERAL NOTE
General note Cover title.
504 ## - BIBLIOGRAPHY, ETC. NOTE
Bibliography, etc Includes bibliographies.
650 #0 - SUBJECT ADDED ENTRY--TOPICAL TERM
Topical term or geographic name as entry element Mass media
Geographic subdivision Africa.
700 1# - ADDED ENTRY--PERSONAL NAME
Personal name Domatob, Jerry.
700 1# - ADDED ENTRY--PERSONAL NAME
Personal name Jika, Abubakar.
700 1# - ADDED ENTRY--PERSONAL NAME
Personal name Nwosu, Ikechukwu Enoch.
710 2# - ADDED ENTRY--CORPORATE NAME
Corporate name or jurisdiction name as entry element African Council on Communication Education.
906 ## - LOCAL DATA ELEMENT F, LDF (RLIN)
a 7
b cbc
c orignew
d 3
e ncip
f 19
g y-gencatlg
942 ## - ADDED ENTRY ELEMENTS (KOHA)
Source of classification or shelving scheme Dewey Decimal Classification
Koha item type Books
Holdings
Withdrawn status Lost status Source of classification or shelving scheme Damaged status Not for loan Home library Current library Date acquired Total Checkouts Full call number Barcode Date last seen Price effective from Koha item type
    Dewey Decimal Classification     County Hall Archives County Hall Archives 06/19/2023   302.23/096 ACCE 10000695 06/19/2023 06/19/2023 Books
LIBRARY OPENING HOURS

When the Parliament is sitting: 8.00a.m - 7.00p.m or until the house adjourns
Mondays and Fridays and when the House is on Recess:  8.00a.m - 5.00p.m
Closed on Weekends and Public Holidays

Online Public Access Catalog (OPAC)
Website: http://www.parliament.go.ke
Bunge Library: https://libraryir.parliament.go.ke
Contact: library@parliament.go.ke | Tel no: (254-2)2221291 or 2848000 Ext 5043